000 01355nam0a22003971 4500
001 RU\NLR\bibl\365602
005 20250615175932.0
010 _a5-89737-071-0
_92000
021 _aRU
_b2002-57912
_92816
035 _a(NLR Aleph) 001342267
090 _a868295
_c868295
100 _a20030206d2002 |||y0rusy50 ca
101 0 _arus
_achi
102 _aRU
105 _ay |||||||||
200 1 _aПеревод с китайского языка
_d汉译俄初级教程
_eНач. курс
_fВ. Ф. Щичко
_zchi
_e[Учеб.]
205 _a2-е изд., испр. и доп.
210 _aМ.
_cМуравей
_d2002
215 _a109,[2] с.
_d20
606 0 _aКитайский язык
_jУчебные издания
_xПеревод
_91339717
_3RU\NLR\auth\66558296
610 0 _aКитайский язык - Переводы
675 _a811.581'25(075.8)
_v3
_zrus
686 _a16.41
_2rugasnti
686 _a81.2Кит-923
_2rubbk
686 _aШ171.1-93рус3-77
700 1 _aЩичко
_bВ. Ф.
_gВладимир Федорович
_4070
801 0 _aRU
_bRKP
_c20030206
_gPSBO
801 1 _aRU
_bRKP
_c20030206
801 2 _aRU
_bNLR
_c20030410
_grcr
830 _aАвт. по кн.
852 _aNLR
_bОЛСАА-кит.
_j3-3029 (б,в)
942 _cBOOK
980 _aNB
980 1 _aCHIN